000 00710nam a22002297a 4500
005 20141113104813.0
010 _aENG-111190
020 _a9789351342885
_c399.00
020 _a9351342883
_c399.00
035 _aEN-94722
037 _bDBAD/PUB
082 _a621.3815
100 _aSalivahanan, S.
245 _aLinear integrated circuits /
_cby S. Salivahanan [and] V. S. Kanchana Bhaaskaran
_b
250 _a2nd ed
260 _aNew Delhi
_bMcGraw Hill Education
_c2015
270 _aP-24, Green Park Extension
_bNew Delhi
_e110016
300 _axvi, 652p. :
_c24cm(pbk)
_bill.
500 _aIncludes index
700 _aKanchana Bhaaskaran, V.S.
942 _2ddc
_cEN
_mSAL
_h621.3815
999 _c89951
_d89951